000 nam a22 7a 4500
999 _c9389
_d9389
008 180129b ||||| |||| 00| 0 eng d
100 _aPandey,G.
_95619
245 _aRemembering partition Violence
260 _aNewyork
_bCambridge
_c2001